| 000 | 01111nam a22002537a 4500 | ||
|---|---|---|---|
| 001 | 9015 | ||
| 003 | FISKH | ||
| 005 | 20251114095821.0 | ||
| 008 | 251114b cb ||||| |||| 00| 0 eng d | ||
| 040 |
_aFISKH _beng _cFISKH _dFISKH |
||
| 050 | _aAP201.B27 | ||
| 082 | _a808 | ||
| 100 | _aVulliamy, Clara | ||
| 245 | _aBabybug / | ||
| 260 |
_aIllinois : _bCricket Media, _c1998. |
||
| 300 |
_a18 pages : _bcolor illustrations ; _c18 cm |
||
| 505 | _aE | ||
| 520 | _aBabybug is a magazine-style book created especially for babies and toddlers. It contains short, gentle stories, rhymes, and simple activities designed to introduce young children to early reading. The illustrations by Clara Vulliamy are bright, warm, and friendly—perfect for capturing a child’s attention. The content is safe, comforting, and age-appropriate, helping children develop early language skills while enjoying fun characters and soft, playful artwork. | ||
| 521 | 8 |
_a160
_bLexile estimate |
|
| 521 | 8 |
_aE
_bRaz-Plus |
|
| 650 |
_aChildren's fiction _v Pre-school small book |
||
| 942 |
_2ddc _cBK _n0 |
||
| 999 |
_c9015 _d9015 |
||